| 000 | 00409nam a2200133Ia 4500 | ||
|---|---|---|---|
| 008 | 170516s9999 xx 000 0 und d | ||
| 245 | _aMultivalent Targeting Based Delivery of Therapeutic Peptide using AP1-ELP Carrier for Effective Cancer Therapy | ||
| 260 | _bTheranostics | ||
| 260 | _c2016 | ||
| 300 | _a6:12 | ||
| 650 | _xMedical Technology | ||
| 650 | _xMedtech | ||
| 856 | _uhttp://www.thno.org/v6i12 | ||
| 999 |
_c330530 _d330530 |
||